| 000 | 00507nam a22001937a 4500 | ||
|---|---|---|---|
| 003 | OSt | ||
| 005 | 20240328105404.0 | ||
| 008 | 180306b xxu||||| |||| 00| 0 eng d | ||
| 020 | _aNA | ||
| 040 | _cSEROSOFT | ||
| 082 |
_26TH _a624.035 |
||
| 100 | _aRAMAKANT | ||
| 245 |
_aENVIRONMENT POLLUTION CONTROL _cAUTHOR _hHINDI |
||
| 250 | _a6TH | ||
| 260 |
_aMEERUT _bJPNP _c2018 |
||
| 300 |
_a6TH ED. 136 PP _ePAPERBACK |
||
| 856 | _3PAPERBACK | ||
| 942 |
_2ddc _c02 _e6TH ED. _hTITLE _iBOOK _k624.035 _mRAM |
||
| 999 |
_c43856 _d43856 |
||